书目信息 |
| 题名: |
船舶
|
|
| 作者: | 王光明 编写 | |
| 分册: | ||
| 出版信息: | 北京 中国建材工业出版社 1998 |
|
| 页数: | 95页 | |
| 开本: | 19cm | |
| 丛书名: | 世界科技全景百卷书 | |
| 单 册: | ||
| 中图分类: | U66-091 | |
| 科图分类: | ||
| 主题词: | 船舶--技术史--普及读物 | |
| 电子资源: | ||
| ISBN: | 7-80090-768-6 | |
| 000 | 00648oam2 2200229 450 | |
| 001 | 1536135667 | |
| 005 | 20150124100653.98 | |
| 010 | @a7-80090-768-6@dCNY6.80 | |
| 100 | @a19961012d1998 em y0chiy0110 ea | |
| 101 | 0 | @achi |
| 102 | @aCN@b110000 | |
| 105 | @ay z 000yy | |
| 200 | 1 | @a船舶@Achuan bo@f王光明编写 |
| 210 | @a北京@c中国建材工业出版社@d1998 | |
| 215 | @a95页@d19cm | |
| 225 | 2 | @a世界科技全景百卷书@i工业创造与发明系列@v22 |
| 461 | 0 | @12001 @a世界科技全景百卷书 |
| 606 | 0 | @a船舶@x技术史@x普及读物 |
| 690 | @aU66-091@v5 | |
| 701 | 0 | @a王光明@Awang guang ming@4编写 |
| 801 | 0 | @aCN@bTSSF@c20150124 |
| 905 | @aZUCC@dU66-091@eJY1 | |
| 船舶/王光明编写.-北京:中国建材工业出版社,1998 |
| 95页;19cm.-(世界科技全景百卷书.工业创造与发明系列;22) |
| ISBN 7-80090-768-6:CNY6.80 |
| ● |
| 相关链接 |
|
|
|
|
正题名:船舶
索取号:U66-091/JY1
 
预约/预借
| 序号 | 登录号 | 条形码 | 馆藏地/架位号 | 状态 | 备注 |
| 1 | 7842713 | 278427132 | 学院路分馆/ [索取号:U66-091/JY1] | 在馆 |